Biología de las plantas ii /
Guardado en:
| Autor Principal: | |
|---|---|
| Otros Autores: | , , , |
| Formato: | Libro |
| Publicado: |
Barcelona :
Reverté,
1992
|
| Materias: | |
| Etiquetas: |
Agregar Etiqueta
Sin Etiquetas, Sea el primero en etiquetar este registro!
|
| LEADER | 00833nam a22002535a 4500 | ||
|---|---|---|---|
| 001 | CEM.cems014008 | ||
| 008 | 130507s1992##################000#0#####d | ||
| 005 | 20210705170603.0 | ||
| 003 | CEMS | ||
| 245 | 1 | 0 | |a Biología de las plantas ii / |c Peter Hamilton Raven, Ray Franklin Ever, Susan E. Eicchhorn ; traducción de Sergi Santamaría Del Campo ; colaboración de Loreta Rossellis |
| 260 | |a Barcelona : |b Reverté, |c 1992 | ||
| 300 | |a 333 p. | ||
| 590 | |a 1116.013 | ||
| 020 | |a 8429118438 | ||
| 100 | 1 | |a Raven, Peter Hamilton | |
| 700 | 1 | |a Ever, Ray Franklin | |
| 700 | 1 | |a Eicchhorn, Susan E. | |
| 700 | 1 | |a Santamaría del Campo, Sergi; trad. | |
| 700 | 1 | |a Rossellis, Loreta; col. | |
| 653 | |a Biología | ||
| 653 | |a Botánica | ||
| 653 | |a Biblioteca TC | ||
| 653 | |a Plantas | ||
| 859 | |a CEMS |b BIB. CEMS - 11 de abril |h TC |p 1116.013 |t Ej.1 | ||
